[Event "DEM U10 2005"]
[Site "Willingen GER"]
[Date "2005.05.18"]
[Round "6"]
[White "Collmer, Dominik"]
[Black "Meir, Lenz"]
[Result "1-0"]
[Termination "normal"]
[Board "28"]
[WhiteElo "1216"]
[BlackElo "993"]
[PlyCount "39"]
[WhiteFideId "4620763"]
[EventCountry "GER"]
[EventRounds "11"]
[EventType "swiss"]
[EventDate "2005.05.15"]

1. e4 c5 2. Nf3 d6 3. d4 cxd4 4. Nxd4 g6 5. Nc3 Bg7 6. Be3 e6 7. Bc4 Ne7 8. Nb3
O-O 9. Qd2 f5 10. f3 fxe4 11. fxe4 d5 12. exd5 exd5 13. Nxd5 Nxd5 14. Bxd5+ Kh8
15. O-O-O Qf6 16. Bd4 Qf4 17. Be3 Qe5 18. Qd4 Qxd4 19. Rxd4 Bxd4 20. Bxd4+ 1-0

[Event "DEM U10 2005"]
[Site "Willingen GER"]
[Date "2005.05.18"]
[Round "6"]
[White "Weber, Clemens"]
[Black "Oltzen, Aljoscha"]
[Result "1/2-1/2"]
[Termination "normal"]
[Board "29"]
[WhiteElo "1165"]
[BlackElo "933"]
[PlyCount "47"]
[WhiteFideId "12927813"]
[EventCountry "GER"]
[EventRounds "11"]
[EventType "swiss"]
[EventDate "2005.05.15"]

1. e4 e6 2. d4 d5 3. exd5 exd5 4. Bd3 Nf6 5. Nf3 Bd6 6. Bg5 c6 7. c3 O-O 8. O-O
Bg4 9. Nbd2 Nbd7 10. Qc2 Re8 11. Rfe1 Qc7 12. Rac1 b5 13. a3 a5 14. Kh1 a4 15.
h3 Bh5 16. Nh4 Bg6 17. Nf5 Ne4 18. Bxe4 Rxe4 19. Nxe4 Bxf5 20. f3 dxe4 21. fxe4
Bg6 22. Qe2 Re8 23. Qe3 f6 24. Bh4 1/2-1/2

[Event "DEM U10 2005"]
[Site "Willingen GER"]
[Date "2005.05.18"]
[Round "6"]
[White "Schäfer, Ann-Kathrin"]
[Black "Marx, Inga"]
[Result "0-1"]
[Termination "normal"]
[Board "30"]
[WhiteElo "1118"]
[BlackElo "920"]
[PlyCount "96"]
[WhiteFideId "24615412"]
[BlackFideId "4654749"]
[EventCountry "GER"]
[EventRounds "11"]
[EventType "swiss"]
[EventDate "2005.05.15"]

1. d4 e6 2. Nf3 d5 3. e3 Nf6 4. Bd3 Nc6 5. Nbd2 Bd6 6. c3 O-O 7. O-O e5 8. e4
Qe7 9. Re1 Bg4 10. h3 Bh5 11. exd5 Nxd5 12. Qc2 Bxf3 13. Nxf3 g6 14. Nxe5 Rfe8
15. Bh6 Bxe5 16. dxe5 Qh4 17. Qd2 Nxe5 18. Bg5 Qa4 19. Re4 Qd7 20. Qe2 Nc6 21.
Re1 Rf8 22. Bh6 Rfd8 23. h4 Nf6 24. Re3 Ng4 25. Bg5 f6 26. Bc4+ Kg7 27. Be6 Qd2
28. Qxg4 fxg5 29. h5 Rf8 30. f3 Rae8 31. R1e2 Qc1+ 32. Kh2 Qd1 33. Qxg5 Qd6+
34. g3 Nd8 35. Qe5+ Qxe5 36. Rxe5 Rxf3 37. hxg6 hxg6 38. Bg4 Rxe5 39. Rxe5 Rf2+
40. Kg1 Rxb2 41. Re7+ Kf6 42. Rxc7 Kg5 43. Rc5+ Kxg4 44. Ra5 Kxg3 45. Kf1 g5
46. Ra3 Kh2 47. c4 g4 48. Re3 g3 0-1

[Event "DEM U10 2005"]
[Site "Willingen GER"]
[Date "2005.05.18"]
[Round "6"]
[White "Rethmann, Kristin"]
[Black "Peil, Christoph"]
[Result "1-0"]
[Termination "normal"]
[Board "31"]
[WhiteElo "863"]
[BlackElo "1096"]
[PlyCount "95"]
[WhiteFideId "24655805"]
[BlackFideId "24651800"]
[EventCountry "GER"]
[EventRounds "11"]
[EventType "swiss"]
[EventDate "2005.05.15"]

1. e4 c5 2. Nf3 d6 3. d4 cxd4 4. Nxd4 e6 5. Bd3 Nf6 6. Nc3 Be7 7. Be3 O-O 8.
Qd2 b6 9. f3 Bb7 10. O-O-O Nbd7 11. g4 Ne5 12. h4 d5 13. g5 Nfd7 14. h5 dxe4
15. fxe4 Nc5 16. Qg2 f6 17. g6 h6 18. Rhg1 f5 19. Qd2 Ng4 20. Bf4 Qxd4 21. exf5
Nxd3+ 22. cxd3 exf5 23. Nb5 Qc5+ 24. Nc3 Bf6 25. Kb1 Rac8 26. Na4 Qf2 27. Qb4
Kh8 28. Rgf1 Qc2+ 29. Ka1 Rfd8 30. d4 Qe4 31. Nc3 Qe7 32. Qb5 Rxd4 33. Qxf5
Rxd1+ 34. Nxd1 Ne5 35. Re1 Rc5 36. Nf2 Qd6 37. Rd1 Qe7 38. Re1 Bf3 39. Nd3 Rd5
40. Nxe5 a5 41. Bg3 Bxe5 42. Qxf3 Qc5 43. Bxe5 b5 44. Bd6 Qc8 45. Qxd5 Qd8 46.
Qe6 Qg8 47. Qxg8+ Kxg8 48. Re8# 1-0

[Event "DEM U10 2005"]
[Site "Willingen GER"]
[Date "2005.05.18"]
[Round "6"]
[White "Brühan, Jan"]
[Black "Stuhler, Kilian"]
[Result "0-1"]
[Termination "normal"]
[Board "32"]
[WhiteElo "784"]
[BlackElo "1087"]
[PlyCount "36"]
[EventCountry "GER"]
[EventRounds "11"]
[EventType "swiss"]
[EventDate "2005.05.15"]

1. e4 e5 2. Nf3 Nc6 3. Nc3 Nf6 4. Bc4 Nxe4 5. Nxe4 d5 6. Bxd5 Qxd5 7. Nc3 Qa5
8. d3 Bb4 9. Bd2 Be6 10. a3 Bxc3 11. Bxc3 Qd5 12. Bb4 O-O-O 13. Ng5 Qxg2 14.
Nxe6 Qxh1+ 15. Ke2 Qxd1+ 16. Rxd1 fxe6 17. Bd2 Nd4+ 18. Kf1 Nxc2 0-1

[Event "DEM U10 2005"]
[Site "Willingen GER"]
[Date "2005.05.18"]
[Round "6"]
[White "Pohl, Theresa"]
[Black "Scholz, Andre"]
[Result "1-0"]
[Termination "normal"]
[Board "33"]
[WhiteElo "1049"]
[BlackElo "900"]
[PlyCount "79"]
[EventCountry "GER"]
[EventRounds "11"]
[EventType "swiss"]
[EventDate "2005.05.15"]

1. d4 Nf6 2. c4 c5 3. d5 b5 4. cxb5 a6 5. Nc3 d6 6. g3 g6 7. Bg2 Bg7 8. Nf3 Bf5
9. O-O O-O 10. Re1 axb5 11. Nxb5 Qd7 12. Nc3 Bh3 13. Ng5 Bxg2 14. Kxg2 Qf5 15.
e4 Qe5 16. Bf4 Qd4 17. e5 Qxd1 18. Raxd1 Nfd7 19. e6 f6 20. exd7 fxg5 21. Bxg5
Bd4 22. Bxe7 Rxf2+ 23. Kh3 Nxd7 24. Nb5 Rxa2 25. Nxd4 cxd4 26. Rxd4 Raxb2 27.
Bxd6 Rxh2+ 28. Kg4 h5+ 29. Kg5 h4 30. Re8+ Kf7 31. Re7+ Kg8 32. Rxd7 hxg3 33.
Rd8+ Kg7 34. Rd7+ Kg8 35. Kxg6 Rb8 36. Bxb8 Rf2 37. Bxg3 Rf3 38. Bd6 Rf2 39.
Rd8+ Rf8 40. Rxf8# 1-0

[Event "DEM U10 2005"]
[Site "Willingen GER"]
[Date "2005.05.18"]
[Round "6"]
[White "Dang, An-Hai"]
[Black "Zeller, Elisa"]
[Result "0-1"]
[Termination "normal"]
[Board "34"]
[WhiteElo "1038"]
[BlackElo "794"]
[PlyCount "76"]
[BlackFideId "24662410"]
[EventCountry "GER"]
[EventRounds "11"]
[EventType "swiss"]
[EventDate "2005.05.15"]

1. e4 Nf6 2. e5 Ne4 3. d3 Ng5 4. Bxg5 d5 5. d4 Nc6 6. Nf3 Bf5 7. Nc3 Qd7 8. Bb5
O-O-O 9. O-O Bg4 10. a4 h6 11. Bf4 e6 12. b4 Bxb4 13. Na2 Ba5 14. Rc1 Bb6 15.
c3 g5 16. Be3 Rhf8 17. Nb4 Qe7 18. Bxc6 bxc6 19. Nxc6 Qa3 20. Nxd8 Rxd8 21. h3
Bh5 22. c4 Ba5 23. c5 g4 24. hxg4 Bxg4 25. c6 h5 26. Qd3 Qxd3 27. Nh2 Be2 28.
Rfe1 Bxe1 29. Rxe1 Rg8 30. Rc1 Rf8 31. Rc5 Qd1+ 32. Nf1 Qxf1+ 33. Kh2 Rg8 34.
g3 h4 35. Rc1 hxg3+ 36. fxg3 Qf3 37. Bf4 Rh8+ 38. Kg1 Rh1# 0-1

[Event "DEM U10 2005"]
[Site "Willingen GER"]
[Date "2005.05.18"]
[Round "6"]
[White "Steinicke, Rebecca"]
[Black "Hümmecke, Aaron"]
[Result "0-1"]
[Termination "normal"]
[Board "36"]
[WhiteElo "1019"]
[BlackElo "770"]
[PlyCount "30"]
[BlackFideId "24692522"]
[EventCountry "GER"]
[EventRounds "11"]
[EventType "swiss"]
[EventDate "2005.05.15"]

1. e4 e5 2. Nf3 Nc6 3. Bc4 Nd4 4. Nxe5 Qg5 5. Nxf7 Qxg2 6. Nxh8 Qxh1+ 7. Bf1
Qxe4+ 8. Be2 Nxc2+ 9. Qxc2 Qxc2 10. Nc3 Qf5 11. d3 g6 12. Bd2 Bg7 13. Nxg6 hxg6
14. O-O-O Qxf2 15. Re1 Bh6 0-1

[Event "DEM U10 2005"]
[Site "Willingen GER"]
[Date "2005.05.18"]
[Round "6"]
[White "von Freydorf, Sofia"]
[Black "Sommer, Celin"]
[Result "0-1"]
[Termination "normal"]
[Board "38"]
[WhiteElo "965"]
[BlackElo "1162"]
[PlyCount "94"]
[EventCountry "GER"]
[EventRounds "11"]
[EventType "swiss"]
[EventDate "2005.05.15"]

1. e4 e5 2. Nf3 Nc6 3. Bb5 Nf6 4. O-O Bc5 5. c3 a6 6. Ba4 O-O 7. d4 exd4 8.
cxd4 Ba7 9. e5 Nd5 10. Nc3 Nxc3 11. bxc3 d5 12. Bc2 Ne7 13. Bxh7+ Kxh7 14. Ng5+
Kg8 15. Qh5 Bf5 16. Re1 Qe8 17. Re3 f6 18. g4 Qxh5 19. gxh5 fxg5 20. Rg3 c5 21.
Bxg5 Nc6 22. h6 g6 23. dxc5 Bxc5 24. Re1 Nxe5 25. Bf4 Nd3 26. Re2 Nxf4 27. Re5
Nd3 28. Rxd5 Bxf2+ 29. Kf1 Bxg3 30. hxg3 Rfd8 31. c4 Rxd5 32. cxd5 b5 33. Kg2
b4 34. Kf3 Rc8 35. g4 Bxg4+ 36. Kxg4 Nc1 37. Kg5 Kh7 38. d6 Rd8 39. d7 Rxd7 40.
a4 bxa3 41. Kf4 a2 42. Ke3 a1=Q 43. Kf2 Qa3 44. Ke1 Ne2 45. Kxe2 Rb7 46. Kd2
Rb2+ 47. Kc1 Qa1# 0-1

[Event "DEM U10 2005"]
[Site "Willingen GER"]
[Date "2005.05.18"]
[Round "6"]
[White "Schnorr, Christian"]
[Black "Bluhm, Sonja Maria"]
[Result "1-0"]
[Termination "normal"]
[Board "39"]
[WhiteElo "1143"]
[BlackElo "797"]
[PlyCount "79"]
[BlackFideId "24654027"]
[EventCountry "GER"]
[EventRounds "11"]
[EventType "swiss"]
[EventDate "2005.05.15"]

1. e4 e5 2. Nf3 Nc6 3. Bc4 Bc5 4. c3 Nf6 5. d4 exd4 6. cxd4 Bb4+ 7. Nc3 Nxe4 8.
O-O Nxc3 9. bxc3 Bxc3 10. Ba3 Bxa1 11. Re1+ Ne7 12. Bxe7 Qxe7 13. Rxe7+ Kxe7
14. Qxa1 c6 15. Ng5 d5 16. Qe1+ Kf8 17. Bd3 h6 18. Nh7+ Rxh7 19. Bxh7 g6 20.
Qe5 Bd7 21. Qh8+ Ke7 22. Qxa8 b6 23. Qxa7 c5 24. Qxb6 c4 25. Qc5+ Kd8 26. Qxd5
c3 27. Qa5+ Ke7 28. Qxc3 Kf6 29. d5+ Ke7 30. Qe5+ Kd8 31. d6 h5 32. Qe7+ Kc8
33. Qxf7 h4 34. a4 Kd8 35. Qf8+ Be8 36. Bxg6 Kd7 37. Bxe8+ Ke6 38. d7 h3 39.
d8=Q hxg2 40. Qdd6# 1-0

[Event "DEM U10 2005"]
[Site "Willingen GER"]
[Date "2005.05.18"]
[Round "6"]
[White "Priese, Annika"]
[Black "Hauffen, Franziska"]
[Result "0-1"]
[Termination "normal"]
[Board "40"]
[WhiteElo "915"]
[BlackElo "1014"]
[PlyCount "76"]
[WhiteFideId "24673730"]
[EventCountry "GER"]
[EventRounds "11"]
[EventType "swiss"]
[EventDate "2005.05.15"]

1. e4 e5 2. Nc3 Nf6 3. g3 Bc5 4. Bg2 d6 5. h3 Nc6 6. Nge2 Be6 7. O-O Qd7 8. Kh2
O-O 9. Na4 Bb6 10. Nxb6 axb6 11. d4 exd4 12. Nxd4 Ra4 13. Nxc6 bxc6 14. e5 Ne4
15. Qd3 Bd5 16. b3 Rd4 17. Qxd4 Re8 18. exd6 cxd6 19. Bb2 f6 20. h4 Re5 21. Bh3
Qf7 22. f3 Nc5 23. f4 Re4 24. Qd1 Qe7 25. Qg4 Re2+ 26. Bg2 Rxg2+ 27. Kh3 Rxc2
28. Rae1 Bg2+ 29. Kh2 Bxf1+ 30. Kg1 Qxe1 31. Qc8+ Kf7 32. Qc7+ Kg6 33. h5+ Kxh5
34. Qf7+ g6 35. Qxh7+ Kg4 36. Qxg6+ Kf3 37. Qxc2 Bg2+ 38. Kh2 Qh1# 0-1

[Event "DEM U10 2005"]
[Site "Willingen GER"]
[Date "2005.05.18"]
[Round "6"]
[White "Scheel, Henrik"]
[Black "Kalliwoda, Theresa"]
[Result "1/2-1/2"]
[Termination "normal"]
[Board "42"]
[WhiteElo "986"]
[BlackElo "868"]
[PlyCount "82"]
[WhiteFideId "24692115"]
[EventCountry "GER"]
[EventRounds "11"]
[EventType "swiss"]
[EventDate "2005.05.15"]

1. e4 e6 2. d4 d5 3. Nc3 Bb4 4. Bd3 b6 5. Nge2 Bb7 6. f3 Ne7 7. O-O O-O 8. Be3
Ng6 9. a3 dxe4 10. Bxe4 Bxe4 11. fxe4 Bd6 12. e5 Be7 13. d5 Qd7 14. dxe6 Qxe6
15. Qd5 Qc6 16. Qxc6 Nxc6 17. Nd5 Bc5 18. Bxc5 bxc5 19. Nxc7 Rac8 20. Na6 Rfe8
21. Rf5 Nd4 22. Nxd4 cxd4 23. Rd1 Rcd8 24. Nc5 Rd5 25. b4 Red8 26. c3 dxc3 27.
Rxd5 Rxd5 28. Rf1 Nxe5 29. Nb3 Rd3 30. Rc1 Nc4 31. Re1 Kf8 32. Rc1 Nxa3 33. Kf2
c2 34. Ke2 Rxb3 35. Kd2 Rb2 36. b5 Nc4+ 37. Kc3 Rxb5 38. Kxc4 Rb1 39. Rxc2 a5
40. Ra2 Rb4+ 41. Kc3 Rb5 1/2-1/2

[Event "DEM U10 2005"]
[Site "Willingen GER"]
[Date "2005.05.18"]
[Round "6"]
[White "Fischer, Franziska"]
[Black "Bakalarz, Bianca"]
[Result "0-1"]
[Termination "normal"]
[Board "43"]
[WhiteElo "861"]
[BlackElo "983"]
[PlyCount "86"]
[WhiteFideId "12924199"]
[EventCountry "GER"]
[EventRounds "11"]
[EventType "swiss"]
[EventDate "2005.05.15"]

1. e4 c5 2. Nf3 Nc6 3. Bc4 Nf6 4. Nc3 e6 5. O-O d5 6. e5 dxc4 7. exf6 Qxf6 8.
d3 cxd3 9. cxd3 Be7 10. Bg5 Qg6 11. Bh4 O-O 12. Bxe7 Nxe7 13. Ne5 Qf5 14. Re1
Rd8 15. Qd2 f6 16. g4 Qg5 17. Qxg5 fxg5 18. Rad1 b6 19. Nf3 Ng6 20. Nxg5 Nf4
21. Re3 c4 22. d4 Nd5 23. Nxd5 exd5 24. Rde1 Bxg4 25. h3 h6 26. hxg4 hxg5 27.
Kg2 Rac8 28. Re7 a5 29. Rb7 Rb8 30. Ra7 Ra8 31. Rb7 Rdb8 32. Rc7 b5 33. Ree7 b4
34. Rxg7+ Kh8 35. Rg6 a4 36. Rxg5 b3 37. Rc6 Rb7 38. Rh6+ Rh7 39. Rhg6 bxa2 40.
f4 a1=Q 41. f5 Qxb2+ 42. Kf3 Rh3+ 43. Kf4 Qxd4# 0-1

[Event "DEM U10 2005"]
[Site "Willingen GER"]
[Date "2005.05.18"]
[Round "6"]
[White "Princeataia, Elina"]
[Black "Pannier, Lukas"]
[Result "1-0"]
[Termination "normal"]
[Board "44"]
[WhiteElo "729"]
[BlackElo "948"]
[PlyCount "57"]
[EventCountry "GER"]
[EventRounds "11"]
[EventType "swiss"]
[EventDate "2005.05.15"]

1. e4 e5 2. Nf3 Nc6 3. Bc4 Nf6 4. d4 Bd6 5. d5 Ne7 6. O-O Nxe4 7. Re1 Nf6 8.
Nxe5 O-O 9. Nc3 Bxe5 10. Rxe5 d6 11. Re1 c6 12. Qf3 Bg4 13. Qd3 Re8 14. h3 Bf5
15. Qg3 Nexd5 16. Nxd5 Rxe1+ 17. Kh2 cxd5 18. Bh6 g6 19. Rxe1 dxc4 20. Qc3 Rc8
21. Qb4 Qc7 22. Qc3 d5+ 23. g3 Qb6 24. g4 Qxf2+ 25. Kh1 Qh4 26. g5 Be4+ 27. Kg1
Rc6 28. Qa5 Ng4 29. Qd8# 1-0

[Event "DEM U10 2005"]
[Site "Willingen GER"]
[Date "2005.05.18"]
[Round "6"]
[White "Mädge, Rico"]
[Black "Greilich, Sophie"]
[Result "1-0"]
[Termination "normal"]
[Board "46"]
[WhiteElo "826"]
[BlackElo "793"]
[PlyCount "59"]
[EventCountry "GER"]
[EventRounds "11"]
[EventType "swiss"]
[EventDate "2005.05.15"]

1. e3 e5 2. Nc3 Nc6 3. Nf3 Bb4 4. b3 d6 5. Bc4 Nf6 6. Ng5 O-O 7. O-O Qe7 8. Qe2
Ng4 9. h4 Bxc3 10. Qd3 g6 11. dxc3 Bf5 12. Bxf7+ Rxf7 13. Qc4 Kg7 14. Nxf7 Be6
15. Qb5 Qxf7 16. Qxb7 Qe8 17. Qxc7+ Ne7 18. Qxd6 Nc6 19. f3 Rd8 20. Qc7+ Ne7
21. fxg4 Bxg4 22. Qxe5+ Kg8 23. e4 Qf7 24. Bh6 Nf5 25. exf5 gxf5 26. Rxf5 Qg6
27. Rg5 Rd1+ 28. Rxd1 Bxd1 29. Rxg6+ hxg6 30. Qg7# 1-0